000 00426nam a22001577a 4500
005 20251110120347.0
008 251110b |||||||| |||| 00| 0 eng d
020 _a979-8-88715-077-2
100 _aGORANSON, ALEX
245 _aCRIME AND CRIMINAL JUSTICE
260 _aDUBLIN
_bORYSON PRESS
_c2023
300 _aVI, 300P.
500 _aINCLUDES INDEX
650 _a1, CRIMINAL JUSTICE, ADMINISTRATION OF
942 _2lcc
_cBK
999 _c216155
_d216155